00496nam a2200181Ia 4500003000900000008004100009020002200050040001600072080002200088100002000110245005400130260003900184300001800223650001900241650002400260650000800284650002200292IN-BaIIA211028s9999 xx 000 0 eng d a978-981-02-4331-9 cIIA Library a530.145(042)bSMI aSmilga, A.ndrei 0aLectures on quantum chromodynamicscAndrei Smilga aNew JerseybWorld Scientificc2001 axxviii, 322p. aChromodynamics aPerturbation theory aQCD aQuantum mechanics